[Event "New York President's Day GM-A"]
[Site "New York"]
[Date "2024.02.18"]
[Round "6"]
[White "Lenderman, Aleksandr"]
[Black "Kaliksteyn, Alexander"]
[Result "1-0"]
[WhiteElo "2521"]
[BlackElo "2363"]
[PlyCount "87"]
[EventDate "2024.02.15"]
[EventType "tourn"]
[EventRounds "9"]
[EventCountry "USA"]
[EventCategory "6"]
[SourceTitle "CB08_2024"]
[SourceDate "2024.02.21"]
[SourceVersion "1"]
[SourceVersionDate "2024.02.21"]
[SourceQuality "1"]

1. c4 e6 2. g3 d5 3. Bg2 Nf6 4. Nf3 d4 5. 0-0 c5 6. e3 Nc6 7. exd4 cxd4 8. d3 Bd6 9. Bg5 h6 10. Bxf6 Qxf6 11. Nbd2 Qd8 12. a3 a5 13. Rc1 0-0 14. c5 Bc7 15. Re1 Re8 16. Nc4 Qe7 17. Nfd2 Bd7 18. Ne4 Reb8 19. Ned6 Ra6 20. a4 Bxd6 21. cxd6 Qd8 22. Qh5 Qg5 23. Qxg5 hxg5 24. Bxc6 Bxc6 25. Re5 Bd5 26. Rxg5 Rc6 27. b3 Rd8 28. Re1 b6 29. Rg4 Bxc4 30. bxc4 Rdxd6 31. Rg5 f6 32. Rb5 Kf7 33. f4 f5 34. Kg2 Kf6 35. Kf3 g5 36. g4 Rc5 37. Re5 Rxb5 38. Rxb5 gxf4 39. gxf5 e5 40. Ke4 f3 41. Rb2 Rc6 42. h4 Rd6 43. h5 Kg5 44. Rf2 1-0

[Event "New York President's Day GM-A"]
[Site "New York"]
[Date "2024.02.16"]
[Round "2"]
[White "Lenderman, Aleksandr"]
[Black "Griffith, Kyron"]
[Result "1/2-1/2"]
[WhiteElo "2521"]
[BlackElo "2367"]
[PlyCount "44"]
[EventDate "2024.02.15"]
[EventType "tourn"]
[EventRounds "9"]
[EventCountry "USA"]
[EventCategory "6"]
[SourceTitle "CB08_2024"]
[SourceDate "2024.02.21"]
[SourceVersion "1"]
[SourceVersionDate "2024.02.21"]
[SourceQuality "1"]

1. d4 Nf6 2. c4 e6 3. Nf3 d5 4. cxd5 exd5 5. Qc2 c6 6. Nc3 g6 7. Bg5 Be7 8. e3 Bf5 9. Bd3 Bxd3 10. Qxd3 Nbd7 11. 0-0 0-0 12. Rab1 Re8 13. Qc2 Nh5 14. Bxe7 Qxe7 15. b4 Nhf6 16. Rfc1 Rac8 17. Qb3 a6 18. a4 Qd6 19. Qa2 Ra8 20. Qc2 Rac8 21. Qa2 Ra8 22. Qc2 Rac8 1/2-1/2

[Event "Titled Tuesday intern op 19th Sep Early"]
[Site "Chess.com INT"]
[Date "2023.09.19"]
[Round "1"]
[White "Cervantes Landeiro, Thalia"]
[Black "Lenderman, Aleksandr"]
[Result "0-1"]
[WhiteElo "2303"]
[BlackElo "2533"]
[PlyCount "82"]
[EventDate "2023.09.19"]
[EventType "swiss (blitz)"]
[EventRounds "11"]
[EventCountry "USA"]
[SourceTitle "EXT 2024"]
[Source "ChessBase"]
[SourceDate "2023.10.10"]
[SourceVersion "1"]
[SourceVersionDate "2023.10.10"]
[SourceQuality "1"]

1. d4 e6 2. c4 b6 3. Nf3 Bb7 4. g3 Bb4+ 5. Nbd2 Bxf3 6. exf3 Nc6 7. a3 Bxd2+ 8. Qxd2 Qf6 9. Bg2 Nxd4 10. Qc3 Ne7 11. f4 c6 12. Be3 Nef5 13. Rd1 Nxe3 14. fxe3 Nf5 15. Qxf6 gxf6 16. e4 Ne3 17. Rd2 Nxc4 18. Re2 Ke7 19. Kf2 Rad8 20. Rc1 b5 21. a4 a6 22. b3 Na5 23. axb5 axb5 24. b4 Nc4 25. Ra2 Ra8 26. Rca1 Rxa2+ 27. Rxa2 e5 28. Bf1 Nd6 29. Ke3 h5 30. Ra7 h4 31. Kf3 hxg3 32. hxg3 exf4 33. gxf4 Rh1 34. Bg2 Rd1 35. e5 fxe5 36. fxe5 Nc4 37. Kf4 Rd4+ 38. Kg5 Nxe5 39. Kf5 f6 40. Rb7 Rd2 41. Be4 Rf2+ 0-1

[Event "Titled Tuesday intern op 19th Sep Early"]
[Site "Chess.com INT"]
[Date "2023.09.19"]
[Round "4"]
[White "Lenderman, Aleksandr"]
[Black "Khandelwal, Ankush"]
[Result "1-0"]
[WhiteElo "2533"]
[BlackElo "2277"]
[PlyCount "81"]
[EventDate "2023.09.19"]
[EventType "swiss (blitz)"]
[EventRounds "11"]
[EventCountry "USA"]
[SourceTitle "EXT 2024"]
[Source "ChessBase"]
[SourceDate "2023.10.10"]
[SourceVersion "1"]
[SourceVersionDate "2023.10.10"]
[SourceQuality "1"]

1. Nf3 Nf6 2. c4 e6 3. e3 d5 4. b3 Be7 5. Bb2 0-0 6. Nc3 c5 7. cxd5 exd5 8. d4 Nc6 9. Be2 Bg4 10. dxc5 Bxc5 11. 0-0 a6 12. Rc1 Ba7 13. h3 Bh5 14. Nh4 Bxe2 15. Nxe2 Re8 16. Nf3 Ne4 17. Ned4 Rc8 18. Qd3 Nb4 19. Qb1 Nc6 20. Qa1 f6 21. Rfd1 Qd7 22. Qb1 Qf7 23. a3 Qh5 24. Qd3 Ne7 25. Ne6 Qf5 26. Ned4 Qh5 27. Rc2 Rxc2 28. Qxc2 Rc8 29. Qd3 Nc5 30. Qe2 Qg6 31. Rc1 Nd3 32. Rxc8+ Nxc8 33. Qc2 Nd6 34. Qc7 Nxb2 35. Qxd6 Qe4 36. Qd8+ Kf7 37. Qd7+ Kg6 38. Nh4+ Qxh4 39. Qe8+ Kg5 40. Nf3+ Kh6 41. Nxh4 1-0

[Event "Titled Tuesday intern op 19th Sep Early"]
[Site "Chess.com INT"]
[Date "2023.09.19"]
[Round "2"]
[White "Lenderman, Aleksandr"]
[Black "Vovk, Orest"]
[Result "1-0"]
[WhiteElo "2533"]
[BlackElo "2315"]
[PlyCount "81"]
[EventDate "2023.09.19"]
[EventType "swiss (blitz)"]
[EventRounds "11"]
[EventCountry "USA"]
[SourceTitle "EXT 2024"]
[Source "ChessBase"]
[SourceDate "2023.10.10"]
[SourceVersion "1"]
[SourceVersionDate "2023.10.10"]
[SourceQuality "1"]

1. Nf3 h6 2. d4 g5 3. e4 Bg7 4. Bc4 c5 5. c3 Qb6 6. 0-0 g4 7. Ne5 Bxe5 8. dxe5 d6 9. exd6 Qxd6 10. Qxd6 exd6 11. Bf4 Be6 12. Bxe6 fxe6 13. Bxd6 b6 14. Nd2 Nc6 15. Nc4 0-0-0 16. Rad1 Nf6 17. f3 gxf3 18. gxf3 Rhg8+ 19. Kf2 Rg7 20. Bf4 Rxd1 21. Rxd1 Ne8 22. Nd6+ Nxd6 23. Rxd6 Nd8 24. Bxh6 Rg6 25. Bf4 Nf7 26. Rc6+ Kd8 27. Rc7 Rf6 28. Bg3 Ng5 29. Rxa7 Nxe4+ 30. Ke3 Nxg3 31. hxg3 Kc8 32. Rh7 Rf5 33. f4 Rd5 34. g4 Rd1 35. g5 Rg1 36. Kf3 b5 37. Re7 Rf1+ 38. Kg3 Rg1+ 39. Kf2 Rb1 40. g6 Rxb2+ 41. Kf3 1-0

[Event "Titled Tuesday intern op 19th Sep Early"]
[Site "Chess.com INT"]
[Date "2023.09.19"]
[Round "5"]
[White "Martinez Alcantara, Jose Eduardo"]
[Black "Lenderman, Aleksandr"]
[Result "1-0"]
[WhiteElo "2611"]
[BlackElo "2533"]
[PlyCount "149"]
[EventDate "2023.09.19"]
[EventType "swiss (blitz)"]
[EventRounds "11"]
[EventCountry "USA"]
[SourceTitle "EXT 2024"]
[Source "ChessBase"]
[SourceDate "2023.10.10"]
[SourceVersion "1"]
[SourceVersionDate "2023.10.10"]
[SourceQuality "1"]

1. e4 e5 2. Nf3 Nf6 3. Nc3 Nc6 4. h3 Bb4 5. Bd3 0-0 6. 0-0 d6 7. a3 Ba5 8. b4 Bb6 9. Na4 Ne7 10. Nxb6 axb6 11. Re1 Ng6 12. Bf1 Re8 13. d3 h6 14. Bb2 Bd7 15. d4 exd4 16. Qxd4 Bc6 17. Nd2 Qd7 18. c4 b5 19. Rac1 bxc4 20. Qxc4 Ne5 21. Qc3 Bb5 22. f4 Ng6 23. Qf3 Bxf1 24. Rxf1 Nh7 25. Qg3 Kh8 26. Kh2 Rg8 27. Nf3 Ne7 28. Rfd1 f6 29. e5 Nf5 30. Qg4 Qc8 31. Re1 d5 32. e6 Ne7 33. f5 c6 34. Nh4 Qe8 35. Kh1 Ng5 36. Rcd1 Rd8 37. Bc1 Ne4 38. Qf3 Kh7 39. Rf1 b6 40. Rde1 c5 41. bxc5 bxc5 42. Rxe4 dxe4 43. Qxe4 Rd4 44. Qe1 Qc6 45. Qg3 Qe4 46. Bf4 g5 47. fxg6+ Nxg6 48. Nxg6 Rxg6 49. Qf2 Qxe6 50. Kh2 Re4 51. Bg3 Re2 52. Qxc5 Qe4 53. Rf2 Rxf2 54. Qxf2 f5 55. Qc5 f4 56. Qc7+ Rg7 57. Qxf4 Qxf4 58. Bxf4 Ra7 59. Bd6 Kg6 60. Bc5 Ra6 61. Bb4 Kf5 62. Kg3 Ke4 63. Kh4 Rg6 64. g4 Kf3 65. Kh5 Ra6 66. h4 Ke4 67. Bf8 Ra8 68. Bxh6 Rxa3 69. Bg7 Ra7 70. Bf6 Ra6 71. Kg6 Kf4 72. g5 Kg4 73. h5 Ra8 74. h6 Rg8+ 75. Bg7 1-0

[Event "Titled Tuesday intern op 19th Sep Early"]
[Site "Chess.com INT"]
[Date "2023.09.19"]
[Round "8"]
[White "Tanriverdi, Enes"]
[Black "Lenderman, Aleksandr"]
[Result "0-1"]
[WhiteElo "2371"]
[BlackElo "2533"]
[PlyCount "74"]
[EventDate "2023.09.19"]
[EventType "swiss (blitz)"]
[EventRounds "11"]
[EventCountry "USA"]
[SourceTitle "EXT 2024"]
[Source "ChessBase"]
[SourceDate "2023.10.10"]
[SourceVersion "1"]
[SourceVersionDate "2023.10.10"]
[SourceQuality "1"]

1. d4 e6 2. Nf3 c5 3. d5 exd5 4. Qxd5 Nf6 5. Qd1 d5 6. g3 Be7 7. Bg2 0-0 8. 0-0 Nc6 9. Bf4 Bf5 10. Ne5 Qb6 11. Nxc6 bxc6 12. Qc1 Ne4 13. Nd2 Nxd2 14. Bxd2 Bf6 15. c3 Rfb8 16. b3 a5 17. Be3 Qb5 18. Bg5 Bxg5 19. Qxg5 Bg6 20. c4 dxc4 21. bxc4 Qxc4 22. Rfc1 Qxe2 23. Qxc5 Rc8 24. h4 Rab8 25. Qxa5 Rb2 26. Qe1 Qxe1+ 27. Rxe1 c5 28. a4 Bd3 29. a5 Ba6 30. Reb1 Rcb8 31. Rxb2 Rxb2 32. Rc1 c4 33. Bd5 Rb4 34. Re1 Kf8 35. Bc6 g6 36. Re8+ Kg7 37. Ra8 c3 0-1

[Event "Titled Tuesday intern op 12th Sep Early"]
[Site "Chess.com INT"]
[Date "2023.09.12"]
[Round "3"]
[White "Kim, Sergey2222"]
[Black "Lenderman, Aleksandr"]
[Result "0-1"]
[WhiteElo "2295"]
[BlackElo "2533"]
[PlyCount "126"]
[EventDate "2023.09.12"]
[EventType "swiss (blitz)"]
[EventRounds "11"]
[EventCountry "USA"]
[SourceTitle "EXT 2024"]
[Source "ChessBase"]
[SourceDate "2023.10.10"]
[SourceVersion "1"]
[SourceVersionDate "2023.10.10"]
[SourceQuality "1"]

1. d4 d5 2. c4 c5 3. e3 cxd4 4. exd4 Nf6 5. Nf3 Nc6 6. Nc3 a6 7. a3 Bg4 8. Be3 e6 9. Bd3 dxc4 10. Bxc4 Bd6 11. 0-0 0-0 12. Qe2 Bc7 13. Rfd1 Ne7 14. Bg5 Qd6 15. h3 Bxf3 16. Qxf3 Qh2+ 17. Kf1 Nfd5 18. Rac1 Bf4 19. Bxf4 Nxf4 20. g3 Qxh3+ 21. Kg1 Nfg6 22. Qxb7 Rab8 23. Qxa6 Rxb2 24. Bf1 Qf5 25. Be2 h5 26. Qd3 Qa5 27. Ne4 h4 28. Rc5 Qb6 29. Rb5 Rxb5 30. Qxb5 Qa7 31. Qc5 Qa8 32. Bf3 Qb8 33. Qb4 hxg3 34. fxg3 Qd8 35. Kg2 Nd5 36. Qd2 Qe7 37. Nc5 Rb8 38. Re1 Qd6 39. a4 Nge7 40. Re2 Nf5 41. Qg5 Nxd4 42. Ne4 Qa3 43. Rf2 Nxf3 44. Rxf3 Qxa4 45. Qe5 Rf8 46. Nd6 Qc2+ 47. Kh3 Qh7+ 48. Kg2 Qg6 49. Ne4 Ne7 50. Qg5 Qxe4 51. Qxe7 e5 52. Qg5 f6 53. Qh5 Rd8 54. Kh3 Qh7 55. Qxh7+ Kxh7 56. Kg4 Kg6 57. Re3 Rd4+ 58. Kf3 Kf5 59. Ra3 g5 60. Rb3 g4+ 61. Ke3 Rd1 62. Kf2 Rd2+ 63. Ke3 Rg2 0-1

[Event "Titled Tuesday intern op 12th Sep Late"]
[Site "Chess.com INT"]
[Date "2023.09.12"]
[Round "1"]
[White "Lenderman, Aleksandr"]
[Black "Sroczynski, Maciej"]
[Result "1-0"]
[WhiteElo "2533"]
[BlackElo "2271"]
[PlyCount "81"]
[EventDate "2023.09.12"]
[EventType "swiss (blitz)"]
[EventRounds "11"]
[EventCountry "USA"]
[SourceTitle "EXT 2024"]
[Source "ChessBase"]
[SourceDate "2023.10.10"]
[SourceVersion "1"]
[SourceVersionDate "2023.10.10"]
[SourceQuality "1"]

1. Nf3 c5 2. d4 cxd4 3. c3 dxc3 4. Nxc3 Nf6 5. e4 Nc6 6. Bc4 d6 7. e5 Ng4 8. e6 Bxe6 9. Bxe6 fxe6 10. Ng5 Nf6 11. Nxe6 Qd7 12. Qe2 Nd8 13. Nxd8 Rxd8 14. 0-0 g6 15. Re1 Bg7 16. Bg5 a6 17. Rad1 b5 18. Nd5 Nxd5 19. Rxd5 0-0 20. Qe6+ Qxe6 21. Rxe6 Bf6 22. Bxf6 Rxf6 23. Rxe7 Rc8 24. f3 Rc2 25. Rd1 Rf7 26. Rxf7 Kxf7 27. Rxd6 a5 28. Rd7+ Kf6 29. Rxh7 Rxb2 30. a3 Rb3 31. Rb7 Rb2 32. h4 Kf5 33. Kh2 Kf4 34. Rb6 a4 35. Rxg6 b4 36. axb4 a3 37. Ra6 a2 38. b5 Ke5 39. h5 Kf5 40. h6 Rxb5 41. Rxa2 1-0

[Event "Titled Tuesday intern op 29th Aug Early"]
[Site "Chess.com INT"]
[Date "2023.08.29"]
[Round "2"]
[White "Jaskolka, Tomasz"]
[Black "Lenderman, Aleksandr"]
[Result "0-1"]
[WhiteElo "2227"]
[BlackElo "2547"]
[PlyCount "166"]
[EventDate "2023.08.29"]
[EventType "swiss (blitz)"]
[EventRounds "11"]
[EventCountry "USA"]
[SourceTitle "EXT 2024"]
[Source "ChessBase"]
[SourceDate "2023.10.10"]
[SourceVersion "1"]
[SourceVersionDate "2023.10.10"]
[SourceQuality "1"]

1. e4 d5 2. exd5 Nf6 3. d4 Bg4 4. f3 Bc8 5. c4 e6 6. dxe6 Bxe6 7. Nc3 Bd6 8. Be3 0-0 9. Qd2 Re8 10. 0-0-0 Bf5 11. g4 Bg6 12. h4 h5 13. Bd3 Bxd3 14. Qxd3 hxg4 15. Bg5 g3 16. Nge2 Nc6 17. Nd5 Be7 18. Nxe7+ Qxe7 19. Nxg3 Rad8 20. Nf5 Qe2 21. Qxe2 Rxe2 22. Rhg1 Kf8 23. h5 Ne7 24. Ng3 Rh2 25. h6 Nfg8 26. hxg7+ Ke8 27. Rde1 f6 28. Nf5 Kf7 29. Nxe7 Nxe7 30. Rxe7+ Kxe7 31. Bxf6+ Kxf6 32. g8Q Rxg8 33. Rxg8 Rh4 34. Rd8 Ke7 35. Rd5 Rf4 36. Re5+ Kd7 37. Re3 Rxd4 38. b3 Rh4 39. Kc2 Rh2+ 40. Kb1 Rf2 41. Rc3 Kc6 42. Rd3 a5 43. a3 Kc5 44. Rd5+ Kb6 45. Rf5 c6 46. Rf7 Ka6 47. f4 Kb6 48. f5 Kc5 49. f6 b6 50. Rf8 Kd4 51. f7 Kc3 52. b4 axb4 53. axb4 Kb3 54. Kc1 Kxb4 55. Kd1 Kc5 56. Ke1 Rf6 57. Ke2 Kxc4 58. Ke3 c5 59. Ke4 b5 60. Ke5 Rf1 61. Kd6 b4 62. Rc8 Rxf7 63. Rxc5+ Kb3 64. Kd5 Rd7+ 65. Ke4 Rd8 66. Ra5 Kb2 67. Ke3 b3 68. Ra7 Kc2 69. Rc7+ Kb1 70. Ke2 b2 71. Ra7 Rd5 72. Ra8 Kc2 73. Rc8+ Kb3 74. Rb8+ Kc3 75. Rc8+ Kb4 76. Rb8+ Rb5 77. Rd8 b1Q 78. Rd4+ Kc3 79. Rf4 Re5+ 80. Kf3 Qf1+ 81. Kg3 Rg5+ 82. Kh4 Qxf4+ 83. Kh3 Qg3# 0-1

[Event "Titled Tuesday intern op 29th Aug Early"]
[Site "Chess.com INT"]
[Date "2023.08.29"]
[Round "8"]
[White "Lenderman, Aleksandr"]
[Black "Danielyan, Vahe"]
[Result "1-0"]
[WhiteElo "2547"]
[BlackElo "2319"]
[PlyCount "73"]
[EventDate "2023.08.29"]
[EventType "swiss (blitz)"]
[EventRounds "11"]
[EventCountry "USA"]
[SourceTitle "EXT 2024"]
[Source "ChessBase"]
[SourceDate "2023.10.10"]
[SourceVersion "1"]
[SourceVersionDate "2023.10.10"]
[SourceQuality "1"]

1. Nf3 Nf6 2. c4 g6 3. Nc3 Bg7 4. e4 d6 5. d4 0-0 6. Be2 e5 7. 0-0 Nbd7 8. Qc2 exd4 9. Nxd4 Re8 10. Rd1 Nc5 11. f3 a5 12. Be3 b6 13. Bf1 Bb7 14. Rd2 Nh5 15. Bf2 Nf4 16. Rad1 Qg5 17. Kh1 h5 18. Be3 Qf6 19. Ndb5 Re7 20. Nd5 Nxd5 21. cxd5 Rae8 22. b3 h4 23. h3 Qe5 24. a3 Qg3 25. Bf2 Qg5 26. b4 axb4 27. axb4 Na6 28. Qc4 Be5 29. Nd4 Qf4 30. Bg1 Nb8 31. Ra2 Nd7 32. Ra7 Bc8 33. Rxc7 Nf6 34. Rxe7 Nh5 35. Rxe8+ Kh7 36. Ne2 Qg5 37. Qxc8 1-0

[Event "Titled Tuesday intern op 29th Aug Early"]
[Site "Chess.com INT"]
[Date "2023.08.29"]
[Round "5"]
[White "Lenderman, Aleksandr"]
[Black "Makarian, Rudik"]
[Result "1/2-1/2"]
[WhiteElo "2547"]
[BlackElo "2546"]
[PlyCount "95"]
[EventDate "2023.08.29"]
[EventType "swiss (blitz)"]
[EventRounds "11"]
[EventCountry "USA"]
[SourceTitle "EXT 2024"]
[Source "ChessBase"]
[SourceDate "2023.10.10"]
[SourceVersion "1"]
[SourceVersionDate "2023.10.10"]
[SourceQuality "1"]

1. Nf3 Nf6 2. c4 e6 3. Nc3 d5 4. e3 b6 5. b3 Bb7 6. Bb2 Nbd7 7. cxd5 exd5 8. Rc1 a6 9. Ne2 Bd6 10. Ned4 g6 11. Nc6 Bxc6 12. Rxc6 0-0 13. Rc1 c5 14. Be2 b5 15. 0-0 Qe7 16. Qc2 Rfe8 17. Rfd1 Rac8 18. Bf1 Ne5 19. Nxe5 Bxe5 20. Bxe5 Qxe5 21. d4 cxd4 22. Qxc8 Rxc8 23. Rxc8+ Kg7 24. Rxd4 h5 25. Rc2 Ng4 26. g3 Nxe3 27. Rcd2 Ng4 28. Rxd5 Qe1 29. Re2 Qc1 30. h3 Nf6 31. Rd3 h4 32. g4 Nh7 33. Ree3 Ng5 34. Re2 Ne6 35. Rd7 Nf4 36. Re3 Qb1 37. Ra7 Qxa2 38. Bxb5 Qa1+ 39. Bf1 a5 40. b4 Qd4 41. Ree7 axb4 42. Rxf7+ Kh6 43. Rh7+ Kg5 44. Ra5+ Kf6 45. Ra6+ Kg5 46. Ra5+ Kf6 47. Ra6+ Kg5 48. Ra5+ 1/2-1/2

[Event "Speed Chess Q2 Sw"]
[Site "Chess.com INT"]
[Date "2023.08.23"]
[Round "8"]
[White "Lenderman, Aleksandr"]
[Black "Smirnov, Alexandr A"]
[Result "1-0"]
[WhiteElo "2547"]
[BlackElo "2136"]
[PlyCount "109"]
[EventDate "2023.08.23"]
[EventType "swiss (blitz)"]
[EventRounds "14"]
[EventCountry "USA"]
[SourceTitle "CBM 215 Extra"]
[Source "ChessBase"]
[SourceDate "2023.09.30"]
[SourceVersion "1"]
[SourceVersionDate "2023.09.30"]
[SourceQuality "1"]

1. Nf3 Nf6 2. b3 g6 3. Bb2 Bg7 4. g3 c5 5. Bg2 Nc6 6. c4 0-0 7. 0-0 d6 8. d4 cxd4 9. Nxd4 Bd7 10. Nc3 a6 11. Nc2 Rc8 12. Ne3 Qa5 13. a3 Rfe8 14. b4 Qh5 15. Rc1 Bh3 16. Qd2 Bxg2 17. Kxg2 Ng4 18. Nxg4 Qxg4 19. Nd5 Bxb2 20. Qxb2 Qd4 21. Qxd4 Nxd4 22. e3 Nc6 23. Rc2 Ne5 24. Rfc1 Kf8 25. Rc3 e6 26. Nf6 Red8 27. Nxh7+ Ke7 28. Ng5 d5 29. cxd5 Rxc3 30. Rxc3 Rxd5 31. Rc7+ Rd7 32. Rxd7+ Nxd7 33. Ne4 f5 34. Nd2 b5 35. Kf3 e5 36. e4 Nb6 37. Ke3 Kf6 38. f4 exf4+ 39. gxf4 fxe4 40. Kxe4 Ke6 41. Nb3 Nc4 42. Nc5+ Kd6 43. Nxa6 Nxa3 44. f5 gxf5+ 45. Kxf5 Nc2 46. Kf6 Ne3 47. h4 Ng4+ 48. Kg7 Ne3 49. h5 Nf5+ 50. Kf6 Nh6 51. Nc5 Ng4+ 52. Kg7 Kd5 53. h6 Nxh6 54. Kxh6 Kc4 55. Na6 1-0

[Event "Speed Chess Q2 Sw"]
[Site "Chess.com INT"]
[Date "2023.08.23"]
[Round "1"]
[White "Mulawa, Cyprian"]
[Black "Lenderman, Aleksandr"]
[Result "0-1"]
[WhiteElo "2186"]
[BlackElo "2547"]
[PlyCount "48"]
[EventDate "2023.08.23"]
[EventType "swiss (blitz)"]
[EventRounds "14"]
[EventCountry "USA"]
[SourceTitle "CBM 215 Extra"]
[Source "ChessBase"]
[SourceDate "2023.09.30"]
[SourceVersion "1"]
[SourceVersionDate "2023.09.30"]
[SourceQuality "1"]

1. Nf3 Nf6 2. g3 b5 3. Bg2 Bb7 4. 0-0 e6 5. Na3 a6 6. c4 b4 7. Nc2 a5 8. d4 Be7 9. Bg5 0-0 10. d5 exd5 11. Nh4 g6 12. Ne3 d6 13. Nxd5 Nxd5 14. Bxe7 Qxe7 15. Bxd5 c6 16. Bg2 Nd7 17. Qd2 Ne5 18. Rfd1 Nxc4 19. Qd4 d5 20. Rac1 c5 21. Qg4 Nxb2 22. Nf5 Qf6 23. Ne3 Nxd1 24. Rxd1 Rad8 0-1

[Event "Titled Tuesday intern op 22nd Aug Early"]
[Site "Chess.com INT"]
[Date "2023.08.22"]
[Round "9"]
[White "Djordjevic, Vuk D"]
[Black "Lenderman, Aleksandr"]
[Result "0-1"]
[WhiteElo "2373"]
[BlackElo "2547"]
[PlyCount "94"]
[EventDate "2023.08.22"]
[EventType "swiss (blitz)"]
[EventRounds "11"]
[EventCountry "USA"]
[SourceTitle "EXT 2024"]
[Source "ChessBase"]
[SourceDate "2023.10.10"]
[SourceVersion "1"]
[SourceVersionDate "2023.10.10"]
[SourceQuality "1"]

1. d4 g6 2. Nf3 Bg7 3. Bg5 c5 4. c3 Qb6 5. Qb3 cxd4 6. Qxb6 axb6 7. Nxd4 Nc6 8. e3 d6 9. Nd2 Nf6 10. Nc4 Nd7 11. Be2 d5 12. Nb5 dxc4 13. Nc7+ Kd8 14. Nxa8 b5 15. 0-0 Nc5 16. a4 bxa4 17. Nb6 Be6 18. Nxa4 Nb3 19. Nb6 Nxa1 20. Rxa1 Kc7 21. Nxc4 Bd5 22. Nd2 f6 23. Bh4 e5 24. e4 Be6 25. f3 Rd8 26. Nf1 Bf8 27. Bf2 f5 28. Ne3 f4 29. Nc4 Bxc4 30. Bxc4 Rd2 31. b4 Rc2 32. Be1 Bxb4 33. Bd3 Bxc3 34. Rd1 Bd4+ 35. Kf1 Rc5 36. Bd2 b5 37. g3 g5 38. h4 h6 39. hxg5 hxg5 40. gxf4 gxf4 41. Rb1 Kb6 42. Ke2 Bc3 43. Bc1 Nd4+ 44. Kf1 b4 45. Kg2 Ra5 46. Bb2 Ra2 47. Bc4 Rxb2+ 0-1

[Event "Titled Tuesday intern op 22nd Aug Early"]
[Site "Chess.com INT"]
[Date "2023.08.22"]
[Round "6"]
[White "Maltsevskaya, Aleksandra"]
[Black "Lenderman, Aleksandr"]
[Result "1-0"]
[WhiteElo "2386"]
[BlackElo "2547"]
[PlyCount "39"]
[EventDate "2023.08.22"]
[EventType "swiss (blitz)"]
[EventRounds "11"]
[EventCountry "USA"]
[SourceTitle "EXT 2024"]
[Source "ChessBase"]
[SourceDate "2023.10.10"]
[SourceVersion "1"]
[SourceVersionDate "2023.10.10"]
[SourceQuality "1"]

1. e4 d5 2. exd5 Nf6 3. Nc3 Nxd5 4. Nf3 Bg4 5. g3 Nxc3 6. bxc3 Qd5 7. Bg2 Qe4+ 8. Kf1 Nc6 9. h3 Bh5 10. g4 Bg6 11. Nd4 Nxd4 12. Bxe4 Bxe4 13. cxd4 Bxh1 14. f3 0-0-0 15. Kf2 Rxd4 16. Qxh1 e5 17. d3 Bd6 18. Be3 Ra4 19. Qb1 f6 20. Qb3 1-0

[Event "Speed Chess Q1 Sw"]
[Site "Chess.com INT"]
[Date "2023.08.21"]
[Round "11"]
[White "Lenderman, Aleksandr"]
[Black "Moroni, Luca Jr"]
[Result "0-1"]
[WhiteElo "2547"]
[BlackElo "2573"]
[PlyCount "40"]
[EventDate "2023.08.21"]
[EventType "k.o. (blitz)"]
[EventRounds "14"]
[EventCountry "USA"]
[SourceTitle "CBM 215 Extra"]
[Source "ChessBase"]
[SourceDate "2023.09.30"]
[SourceVersion "1"]
[SourceVersionDate "2023.09.30"]
[SourceQuality "1"]

1. Nf3 g6 2. e4 Bg7 3. d4 d6 4. Bc4 Nf6 5. Qe2 0-0 6. 0-0 Bg4 7. Rd1 Nc6 8. c3 e5 9. dxe5 Nxe5 10. Nbd2 Re8 11. Bb3 Nxf3+ 12. gxf3 Bh3 13. Nf1 Nh5 14. Ng3 Qh4 15. Be3 Be5 16. Bd4 Nf4 17. Qd2 Bg2 18. Qe3 Bf1 19. Bxe5 Qh3 20. Bxf7+ Kf8 0-1

[Event "Speed Chess Q1 Sw"]
[Site "Chess.com INT"]
[Date "2023.08.21"]
[Round "10"]
[White "Sychev, Klementy"]
[Black "Lenderman, Aleksandr"]
[Result "1-0"]
[WhiteElo "2552"]
[BlackElo "2547"]
[PlyCount "59"]
[EventDate "2023.08.21"]
[EventType "k.o. (blitz)"]
[EventRounds "14"]
[EventCountry "USA"]
[SourceTitle "CBM 215 Extra"]
[Source "ChessBase"]
[SourceDate "2023.09.30"]
[SourceVersion "1"]
[SourceVersionDate "2023.09.30"]
[SourceQuality "1"]

1. e4 e6 2. d4 d5 3. Nc3 dxe4 4. Nxe4 Nd7 5. h4 Ngf6 6. Nxf6+ Nxf6 7. Nf3 c5 8. h5 h6 9. Be3 Qc7 10. Bb5+ Bd7 11. Bxd7+ Nxd7 12. d5 0-0-0 13. dxe6 fxe6 14. Qe2 Nf6 15. Bd2 Kb8 16. 0-0-0 c4 17. Ne5 Bd6 18. Nxc4 Bf4 19. Kb1 Bxd2 20. Nxd2 Rd5 21. Nb3 Rhd8 22. Rxd5 Rxd5 23. Qxe6 Qd8 24. a3 Nxh5 25. Qf7 Rd1+ 26. Rxd1 Qxd1+ 27. Ka2 Nf6 28. Qxg7 Nd5 29. Nc5 Nc3+ 30. Qxc3 1-0

[Event "Speed Chess Q1 Sw"]
[Site "Chess.com INT"]
[Date "2023.08.21"]
[Round "8"]
[White "Tanwir, Furquan"]
[Black "Lenderman, Aleksandr"]
[Result "0-1"]
[WhiteElo "1982"]
[BlackElo "2547"]
[PlyCount "54"]
[EventDate "2023.08.21"]
[EventType "k.o. (blitz)"]
[EventRounds "14"]
[EventCountry "USA"]
[SourceTitle "CBM 215 Extra"]
[Source "ChessBase"]
[SourceDate "2023.09.30"]
[SourceVersion "1"]
[SourceVersionDate "2023.09.30"]
[SourceQuality "1"]

1. e4 e6 2. d4 d5 3. Nc3 dxe4 4. Nxe4 Nd7 5. Nf3 Ngf6 6. Neg5 h6 7. Nh3 g5 8. Nhg1 c5 9. Bd3 g4 10. Ne5 cxd4 11. Nxg4 Nxg4 12. Qxg4 Ne5 13. Bb5+ Bd7 14. Bxd7+ Qxd7 15. Qg3 Bd6 16. Bf4 Qb5 17. 0-0-0 Nc4 18. b3 Ba3+ 19. Kb1 e5 20. Bxe5 Nxe5 21. Re1 0-0-0 22. Qxe5 Rhe8 23. Nf3 Rxe5 24. Nxe5 Re8 25. Nxf7 Rxe1+ 26. Rxe1 d3 27. Ne5 d2 0-1